000 00721nac a22002051u 4500
020 _a0387136010
082 _a620.00425
_bP141
090 _c4008
_d4008
100 _a20080729
111 _4Pahl, Gerhard
245 _aEngineering design /
_c G. Pahl, W. Beitz ; edited by Ken Wallace.
260 _aLondon :
_b Design Council, 1984.
_c1984
300 _axv,450p. :
_b ill., forms ;
_c25cm
504 _aBibliography: p415-440.
504 _a Includes index.
650 _a Engineering design.
700 _aBeitz, Wolfgang
942 _cBB
_k620.00425 P141
999 _c4008
_d4008